Science Quiz

Random Science or Biology Quiz

Flowers Quiz Stats

Quiz Updated Mar 8, 2012

Challenge
Share
Tweet
Score 0/20 Timer 04:00
0 Plays Today
# Flower % Correct
1Sunflower
97.9%
20Rose
96.5%
7Daisy
91.3%
12Carnation
65.2%
4Poppy
60.9%
2Pansy
57.6%
17Marigold
52.6%
9Orchid
48.6%
6Chrysanthemum
41.8%
15Bird of Paradise
40.6%
# Flower % Correct
16Johnny Jump Up
40%
8Black-eyed Susan
39.3%
3Geranium
38.8%
11Petunia
35.7%
14Snapdragon
33.6%
5Bleeding Heart
31.2%
18Forget me Not
25.2%
19Peony
19.2%
13Impatiens
17.6%
10Aster
16.6%

You're not logged in!

Compare scores with friends on all Sporcle quizzes.
Join for Free
OR
Log In

You Might Also Like...

Show Comments

Extras

Top Quizzes Today


Score Distribution

Your Account Isn't Verified!

In order to create a playlist on Sporcle, you need to verify the email address you used during registration. Go to your Sporcle Settings to finish the process.

Report this User

Report this user for behavior that violates our Community Guidelines.

Details: